Úžitkový vzor v medzinárodnom podnikaní diplomová práca

Gespeichert in:
Bibliographische Detailangaben
1. Verfasser: Borovjaková, Katarína
Körperschaft: Obchodná fakulta EU. Katedra medzinárodného obchodu
Weitere Verfasser: Kittová, Zuzana, 1975-
Format: Buch
Sprache:Slowakisch
Veröffentlicht: Bratislava 2018
Tags: Tag hinzufügen
Keine Tags, Fügen Sie das erste Tag hinzu!

MARC

LEADER 00000nbm a2200000 4500
001 0243396
005 20181003112003.9
041 0 |a slo 
044 |a SK 
245 1 0 |a Úžitkový vzor v medzinárodnom podnikaní  |b diplomová práca  |c Katarína Borovjaková ; školiteľ: Zuzana Kittová 
264 1 |a Bratislava  |c 2018 
300 |a 64 s. 
100 1 |a Borovjaková, Katarína 
700 1 |a Kittová, Zuzana, 1975- 
710 2 |a Obchodná fakulta EU. Katedra medzinárodného obchodu